|
|
|
|
| LEADER |
00616nab a2200157 i 4500 |
| 001 |
univ58067 |
| 005 |
20210408115336.0 |
| 008 |
210408s2021 hu o 0|| zxx d |
| 040 |
|
|
|a SZTE UnivHistória Repozitórium
|b hun
|
| 041 |
|
|
|a zxx
|
| 245 |
0 |
0 |
|a Elhunyt Fodor István
|h [elektronikus dokumentum]
|
| 260 |
|
|
|c 2021-04-07
|
| 490 |
0 |
|
|a Librarius.hu
|
| 561 |
|
|
|a Egyetemi hirarchívum
|
| 695 |
|
|
|a Nekrológ, Fodor István - régész, Régészeti Tanszék, Bölcsészet- és Társadalomtudományi Kar - BTK
|
| 856 |
4 |
0 |
|u http://univ.bibl.u-szeged.hu/58067/1/Elhunyt%20Fodor%20Istv%C3%A1n%20-%20Librarius.hu.pdf
|z Dokumentum-elérés
|